| 000 | 00549nam a2200181Ia 4500 | ||
|---|---|---|---|
| 005 | 20250508163354.0 | ||
| 008 | 008 250505s9999 xx 000 0 hin d | ||
| 037 | _aTextual | ||
| 040 |
_aFEDL _beng _cFEDL |
||
| 041 |
_ahin _2hin |
||
| 084 |
_a891.43, NCE _qFEDL |
||
| 245 | 0 | _aGadhya sankalan: Ucchatar madhyamik kakshao ke liye | |
| 245 | 0 | _cN C E R T | |
| 260 |
_aNew Delhi, India _bNational Council of Educational Research and Training _c1964 |
||
| 300 | _a301p. | ||
| 942 |
_cTEXL _h891.43, NCE |
||
| 999 |
_c1382629 _d1382629 |
||